000 01107naa a22003017a 4500
001 BR6200140
003 BR-BrBNA
005 20240918173243.0
007 ta
008 230509b bl.||||| |||| 00| 0 por d
040 _aBR-BrBNA
_bpor
_cBiblioteca Nacional de Agricultura
041 _a(Pt)
072 _aL50
_b5120
_b8962
090 _aL50 BR6200140
100 1 _aMartins, L.F.
111 1 _a8. Congresso Brasileiro de Veterinaria
_cBelo Horizonte, MG (Brazil)
_d29 Jul 1962
245 1 _aContribuicao ao estudo do coagulograma no cavalo puro sangue ingles [Analise biologica; Coagulacao]
260 3 _aBelo Horizonte, MG (Brasil):
_c1962.
500 _aAnais do 8. Congresso Brasileiro de Veterinaria Belo Horizonte, MG (Brasil): 1962. p. 312-313 (BR6200140-AM)L50
650 _aCAVALO
650 _aPURO SANGUE INGLES
650 _aSANGUE
650 _aANALISE BIOLOGICA
650 _aCOAGULACAO
773 0 _tAnais do 8. Congresso Brasileiro de Veterinaria
_wL50 BR6200140
_gBelo Horizonte, MG (Brasil), 1962. p. 312-313
909 _a202404
_bLucia
_c55
_dLucia Elande
942 _cAM
_2AGRIS
999 _c303588
_d303588